LEADER 00919nas a2200229 i 4500 001 000000002640 003 CaOOAMICUS 005 20180830125436.0 008 180830s1960 it uu u0 0ita r 040 $aSeMil$bita 245 10$aProspettive giovanili /$cperiodico della Federazione Circoli Giovanili di Milano. 260 $aMilano :$bFOM,$c1960-1969. 300 $a25 cm. 500 $aMensile. - Descrizione basata sull'Anno 4. (1963). 500 $aConsistenza: 4. (1963)-10. (1969). 700 1 $aFederazione Circoli Giovanili Cattolici .$0(OLS)http://semarc/name/2083 774 0 $t[1963].$dMilano : FOM, 1963.$w()132498 774 0 $tTitolo mancante.$w()132583 774 0 $tTitolo mancante.$w()144409 785 00$tNuove prospettive.$dMilano : [s.n.] $x0033-1570$w()2552 996 $6245$aProspettive giovanili$9(OLS)http://semarc/title/4478 996 $6260$aMilano :$bFOM$9(OLS)http://semarc/publisher/30618 LEADER 01055nam a2200253 i 4500 001 000000125857 003 CaOOAMICUS 005 20211026120053.0 008 040429s1991 it u000 u ita u 013 $a98558 040 $aSeMil$bita 100 1 $aMelzi D'Eril, Gian Paolo.$0(OLS)http://semarc/name/18686 245 10$aMilano napoleonica :$bFrancesco Melzi d'Eril /$cGian Paolo Melzi D'Eril. 264 1$aMilano :$bCavallotti,$c1991. 300 $a95 p. :$bill. ;$c21 cm. 600 14$aMelzi d'Eril, Francesco <1753-1816>.$0(OLS)http://semarc/subject/3025 650 4$aMilano - Storia - Sec. 18.$0(OLS)http://semarc/subject/4455 650 4$aMilano - Storia - Sec. 19.$0(OLS)http://semarc/subject/4456 850 $aSeMil 852 $aSeMil$W1$xVenegono$y1$m3U V 481$j80258$B80258$CSeMilBibl$Z2$F82527 $81 961 $aLascito: Zurleni Domenico 996 $6245$aMilano napoleonica :$bFrancesco Melzi d'Eril$9(OLS)http://semarc/title/185390 996 $6264$aMilano :$bCavallotti$9(OLS)http://semarc/publisher/33045